Základy štatistiky
Enregistré dans:
| Auteur principal: | |
|---|---|
| Format: | Livre |
| Langue: | slovaque |
| Publié: |
Prešov
Fakulta zdravotníctva a sociálnej práce bl. P. P. Gojdiča
2006
|
| Sujets: | |
| Tags: |
Pas de tags, Soyez le premier à ajouter un tag!
|
MARC
| LEADER | 00000nam$a2200000$$$4500 | ||
|---|---|---|---|
| 001 | 0050829 | ||
| 005 | 20240502071603.6 | ||
| 020 | |a 80-969449-2-4 | ||
| 041 | 0 | |a slo | |
| 044 | |a SK | ||
| 245 | 1 | 0 | |a Základy štatistiky |c Marián Rimarčík |
| 264 | 1 | |a Prešov |b Fakulta zdravotníctva a sociálnej práce bl. P. P. Gojdiča |c 2006 | |
| 300 | |a 95 s. | ||
| 610 | 2 | 0 | |a štatistika |
| 610 | 2 | 0 | |a výskum štatistický |
| 610 | 2 | 0 | |a pravdepodobnosť |
| 100 | 1 | |a Rimarčík, Marián | |